| 000 | 00899cam a2200325 4500500 | ||
|---|---|---|---|
| 005 | 20260329004230.0 | ||
| 041 | _afre | ||
| 042 | _adc | ||
| 100 | 1 | 0 |
_aLegros, Martin _eauthor |
| 245 | 0 | 0 | _a“Gilets jaunes”, et maintenant ? |
| 260 | _c2019. | ||
| 500 | _a17 | ||
| 690 | _aBernard Stiegler | ||
| 690 | _aChantal Delsol | ||
| 690 | _aContestation | ||
| 690 | _aCorine Pelluchon | ||
| 690 | _aEmmanuel Macron | ||
| 690 | _aGérald Bronner | ||
| 690 | _aGilets jaunes | ||
| 690 | _aLuc Ferry | ||
| 690 | _aPeuple | ||
| 690 | _aPierre Zaoui | ||
| 690 | _aPolitique | ||
| 690 | _aRépublique | ||
| 690 | _aRévolte | ||
| 690 | _aValérie Charolles | ||
| 690 | _aViolence | ||
| 786 | 0 | _nPhilosophie magazine | 126 | 2 | 2019-02-01 | p. 5-5 | 1951-1787 | |
| 856 | 4 | 1 | _uhttps://shs.cairn.info/magazine-philosophie-magazine-2019-2-page-5?lang=fr&redirect-ssocas=7080 |
| 999 |
_c1831939 _d1831939 |
||